<?xml version="1.0" encoding="UTF-8"?>
<record
    xmlns:xsi="http://www.w3.org/2001/XMLSchema-instance"
    xsi:schemaLocation="http://www.loc.gov/MARC21/slim http://www.loc.gov/standards/marcxml/schema/MARC21slim.xsd"
    xmlns="http://www.loc.gov/MARC21/slim">

  <leader>00560nam a2200133 a 4500</leader>
  <controlfield tag="005">20140513081055.0</controlfield>
  <controlfield tag="008">051004s19uu    xx            00    eng d</controlfield>
  <datafield tag="050" ind1=" " ind2=" ">
    <subfield code="a">DVD</subfield>
    <subfield code="b">Ba112 200?</subfield>
  </datafield>
  <datafield tag="245" ind1=" " ind2=" ">
    <subfield code="a">Baby Einstein (motion picture):</subfield>
    <subfield code="b">the baby einstein 2; baby Bethoven.</subfield>
  </datafield>
  <datafield tag="260" ind1=" " ind2=" ">
    <subfield code="b">Dolby digital,</subfield>
    <subfield code="c">200?.</subfield>
  </datafield>
  <datafield tag="500" ind1=" " ind2=" ">
    <subfield code="a">Content :  6 plate ( discs) of The Baby einstein 2 ;  10 plates (discs) for baby Einstein bay Bethoven  ; approx 30 minutes/plate  .   Plate #3 in Baby Einstein is missing.    Subtitle: Chinese</subfield>
  </datafield>
  <datafield tag="650" ind1=" " ind2=" ">
    <subfield code="a">Adventure-science.</subfield>
  </datafield>
  <datafield tag="999" ind1=" " ind2=" ">
    <subfield code="c">116470</subfield>
    <subfield code="d">116470</subfield>
  </datafield>
  <datafield tag="952" ind1=" " ind2=" ">
    <subfield code="0">0</subfield>
    <subfield code="1">0</subfield>
    <subfield code="4">0</subfield>
    <subfield code="a">EL</subfield>
    <subfield code="b">EL</subfield>
    <subfield code="c">AV</subfield>
    <subfield code="d">2005-10-04</subfield>
    <subfield code="e">Lib. Fund</subfield>
    <subfield code="l">0</subfield>
    <subfield code="o">DVD Ba112 200?</subfield>
    <subfield code="p">E549</subfield>
    <subfield code="r">2014-05-13 00:00:00</subfield>
    <subfield code="w">2014-05-13</subfield>
    <subfield code="y">AVM</subfield>
  </datafield>
</record>
